000 01591nam a2200397 a 4500
999 _c2843
_d2843
001 015540020
003 Uk
005 20230823151323.0
008 110812s2010 enkab 000 0 eng d
010 _a2011453667
015 _aGBB2A3796
_2bnb
016 7 _a015540020
_2Uk
020 _a9780521140614 (pbk.)
035 _a(OCoLC)ocn707949700
040 _aNTU
_cNTU
_dBTCTA
_dCUD
_dYDXCP
_dDLC
_dUk
_dKH8
042 _aukblcatcopy
082 0 0 _a428.240 BAR
_223
100 1 0 _aBarry, Marian,
_eauthor.
245 1 0 _aPractice tests for IGCSE English as a second language.
_pReading and writing.
_nBk. 1, with key /
_cMarian Barry, Barbara Campbell, Sue Daish.
246 3 0 _aIGCSE English as a second language. Reading and writing
260 _aCambridge :
_bCambridge University Press,
_c2010.
300 _a96 p. :
_bill., maps ;
_c28 cm.
336 _atext
_2rdacontent
337 _aunmediated
_2rdamedia
338 _avolume
_2rdacarrier
500 _a"First published by Georgian Press (Jersey) Limited 2006"--T.p. verso.
500 _a"Endorsed by University of Cambridge International Examinations"--Cover.
650 0 _aEnglish language
_vTextbooks for foreign speakers.
650 0 _aReading (Higher education)
_vProblems, exercises, etc.
650 0 _aEnglish language
_xRhetoric
_vProblems, exercises, etc.
650 0 _aEnglish language
_xExaminations
_vStudy guides.
700 1 _aCampbell, Barbara,
_d1957-
_eauthor.
700 1 _aDaish, Sue,
_eauthor.
710 2 _aUniversity of Cambridge.
_bLocal Examinations Syndicate.
_bInternational Examinations.
942 _2ddc
_cTR